General conditions of current situation of the social and solidarity economy (SSE) in the Slovak Republic

Ukazovatele SSE. Charakteristika role organizácií v SSE. Komparácia nadobudnutých údajov s údajmi od akcionárov organizácií.

Uložené v:
Podrobná bibliografia
Hlavný autor: Dubcová, Gabriela, 1968-
Ďalší autori: Hrušovská, Dana, 1964-, Kissová, Jana, 1979-
Médium: Kapitola
Jazyk:English
Predmet:
Tagy: Pridať tag
Žiadne tagy, Buďte prvý, kto otaguje tento záznam!

MARC

LEADER 00000naa$a2200000$$$4500
001 0215651
005 20240524080157.0
041 0 |a eng 
044 |a DE 
245 1 0 |a General conditions of current situation of the social and solidarity economy (SSE) in the Slovak Republic  |c Gabriela Dubcová, Dana Hrušovská, Jana Kissová 
520 |a Ukazovatele SSE. Charakteristika role organizácií v SSE. Komparácia nadobudnutých údajov s údajmi od akcionárov organizácií. 
610 2 0 |a ekonomika sociálna 
610 2 0 |a solidarita 
100 1 |a Dubcová, Gabriela, 1968- 
700 1 |a Hrušovská, Dana, 1964- 
700 1 |a Kissová, Jana, 1979-